Una mártir del siglo XIX, Helena Petrovna Blavatsky : (Record no. 132941)

MARC details
000 -LEADER
campo de control de longitud fija 01287nam a2200301 i 4500
001 - NÚMERO DE CONTROL
campo de control 132941
003 - IDENTIFICADOR DE NÚMERO DE CONTROL
campo de control ES-MaACL
005 - FECHA Y HORA DE LA ÚLTIMA TRANSACCIÓN
campo de control 20260119105154.0
007 - CAMPO FIJO DE DESCRIPCIÓN FÍSICA--INFORMACIÓN GENERAL
campo de control de longitud fija t|
008 - DATOS DE LONGITUD FIJA--INFORMACIÓN GENERAL
campo de control de longitud fija 070214s1924 sp r ||||1| spa d
080 ## - NÚMERO DE LA CLASIFICACIÓN DECIMAL UNIVERSAL
Número de la Clasificación Decimal Universal 929 Blavatsky, H. P.
100 1# - ENTRADA PRINCIPAL--NOMBRE DE PERSONA
Nombre de persona Roso de Luna, Mario,
Fechas asociadas al nombre 1872-1931
9 (RLIN) 99794
245 14 - MENCIÓN DEL TÍTULO
Título Una mártir del siglo XIX, Helena Petrovna Blavatsky :
Resto del título fundadora de la Sociedad Teosófica /
Mención de responsabilidad, etc. Mario Roso de Luna.
260 ## - PUBLICACIÓN, DISTRIBUCIÓN, ETC.
Lugar de publicación, distribución, etc. Madrid :
Nombre del editor, distribuidor, etc. Pueyo,
Fecha de publicación, distribución, etc. [1924] (
Fabricante Imp. Helénica)
300 ## - DESCRIPCIÓN FÍSICA
Extensión 493 p. ;
Dimensiones 24 cm.
490 1# - MENCIÓN DE SERIE
Mención de serie Obras completas de Mario Roso de Luna ;
Designación de volumen o secuencia 21
490 1# - MENCIÓN DE SERIE
Mención de serie Biblioteca poligráfica blavatsquiana. Serie C ;
Designación de volumen o secuencia 1
505 8# - NOTA DE CONTENIDO CON FORMATO
Nota de contenido con formato Contiene: El Dr. Hartmann, y H.P.B. (Franz Hartmann, en su célebre carta a! periódico The Word, a raíz de la muerte de H.P.B.)
530 ## - NOTA DISPONIBLE DE FORMULARIO FÍSICO ADICIONAL
Nota de formato físico adicional disponible Disponible en formato digital.
600 14 - PUNTO DE ACCESO ADICIONAL DE MATERIA--NOMBRE DE PERSONA
Nombre de persona Blavatsky, H. P.,
Fechas asociadas al nombre 1831-1891
9 (RLIN) 148372
700 1# - ENTRADA AGREGADA--NOMBRE PERSONAL
Nombre de persona Hartmann, Franz,
Fechas asociadas al nombre 1838-1912
9 (RLIN) 172994
830 1# - PUNTO DE ACCESO ADICIONAL DE SERIE-TÍTULO UNIFORME
Título uniforme Obras completas de Mario Roso de Luna
Designación de volumen o secuencia 21
9 (RLIN) 186911
830 1# - PUNTO DE ACCESO ADICIONAL DE SERIE-TÍTULO UNIFORME
Título uniforme Biblioteca poligráfica blavatsquiana. Serie C ;
Designación de volumen o secuencia 1
9 (RLIN) 186912
852 ## - LOCALIZACIÓN
Ubicación ES-MaACL
Número de control de estantería C-4337
Ubicación en estantería Sala Palomar
856 4# - LOCALIZACIÓN Y ACCESO ELECTRÓNICOS
Identificador Uniforme de Recursos <a href="http://bdh-rd.bne.es/viewer.vm?id=0000074647&page=1 ">http://bdh-rd.bne.es/viewer.vm?id=0000074647&page=1 </a>
Texto de enlace (Biblioteca Digital Hispánica)
942 ## - ELEMENTOS DE ENTRADA SECUNDARIOS (KOHA)
Fuente del sistema de clasificación o colocación Clasificación decimal universal
Holdings
Estatus retirado Estado de pérdida Estado de daño No para préstamo Colección Biblioteca de origen Biblioteca actual Ubicación en estantería Fecha de adquisición Fuente de adquisición Total de préstamos Signatura topográfica completa Código de barras Visto por última vez Precio de reemplazo Tipo de ítem Koha
        Colección digital Biblioteca del Ateneo de Madrid Biblioteca del Ateneo de Madrid Sala Palomar 17/01/2008     C-4337 1138399 23/02/2023 23/02/2023 Libro impreso